Responses for Show #4276 - Monday, March 17, 2003

Contestants

[<< previous game]

Rob Eingurt, a campaign staffer from Washington, D.C.

Courtney Hanlon, a talent agent from Los Angeles, California

Amanda Potocky, a senior clinical data coordinator from Cary, North Carolina (whose 1-day cash winnings total $18,001)

[next game >>]

Jeopardy! Round responses

WORLD CAPITALS
GO FOR THE JUGGLER
SEE YOU IN COURT
THE ANIMAL KINGDOM
CROSSWORD CLUES "M"
JIMMY, CHERYL, SOFIA OR SARAH
    $200 2
Lisbon

Amanda
    $200 26
Ringling Brothers

Courtney
    $200 7
Ford

Amanda
    $200 12
(Rob: What are birds?)

bats

Rob
Triple Stumper
    $200 1
mammoth

Rob
    $200 16
Sarah Michelle Gellar

Courtney
    $400 3
Kingston

Rob
    $400 27
W.C. Fields

Rob
    $400 8
CIA

Courtney
    $400 13
salt & freshwater

Courtney
    $400 15
mile

Rob
    $400 22
Sophia Loren

Amanda
    $600 4
Montevideo

Triple Stumper
    $600 28
Nile

Rob
    $600 9
treason

Amanda
    $600 14
snake

Amanda
    $600 19
molasses

Rob
    $600 23
Cheryl Tiegs

Rob
    $400 5
Edinburgh

Rob
    $800 29
(Alex: Whoa...way to go, Sofia!)

China

Amanda
    $800 10
libel

Amanda
    $800 17
(Amanda: What is a retriever?)

hamster

Amanda
Triple Stumper
    $800 20
mustard

Amanda
    $800 24
(Rob: Who is Sarah Mondheit?)

Sarah Vaughan

CourtneyRob
    $1000 6
Rabat

Rob
    $1000 30
(Alex: And do the juggling, upside down!)

their hair

Triple Stumper
    $1000 11
lawyer/law

Courtney
    $1000 18
(Rob: What is a meerkat?)

civet (or civet cat)

Rob
Triple Stumper
    $1000 21
morsel

Amanda
    $1000 25
(Alex: With a minute to go.)

Jimmy "The Greek" Snyder

Courtney

Scores at the first commercial break (after clue 15):

Amanda Courtney Rob
$2,400 $1,800 $2,200

Scores at the end of the Jeopardy! Round:

Amanda Courtney Rob
$4,600 $4,000 $2,600

Double Jeopardy! Round responses

IRISH WRITERS
(Alex: In honor of St. Patrick's Day.)
AT THE MOVIES
THE ROMAN EQUIVALENT
"M.D."s
(Alex: We want you to...)
COMPOSE YOURSELF
LAST PAGE OF THE AMERICAN HERITAGE DICTIONARY
(Alex: So if you have not been leaping through it lately, you'll have a bit of a problem!)
    $400 7
(Amanda: Who is Joyce?)

Oscar Wilde

Amanda
Triple Stumper
    $400 1
The Madness of King George

Amanda
    $400 11
Mars

Amanda
    $400 6
Michael DeBakey

Triple Stumper
    $400 14
Wolfgang Amadeus

Amanda
    $400 19
Zurich

Rob
    $800 8
George Bernard Shaw

Rob
    $800 2
Gigi or West Side Story

Amanda
    $800 12
Neptune

Rob
    $800 27
Moshe Dayan

Courtney
    $800 15
Richard Wagner

Amanda
    $800 20
Zulu

Rob
    $1200 9
James Joyce

Rob
    $1,800 3
(Amanda: I don't know.)

Heathers

Amanda
    $1200 22
Pluto

Triple Stumper
    $1200 28
Mac Davis

Triple Stumper
    $1200 16
(Rob: Who is Haydn?)
(Courtney: Who is Beethoven?)

George Frideric Handel

CourtneyRob
Triple Stumper
    $1200 21
Zydeco

Amanda
    $1600 10
William Butler Yeats

Amanda
    $1600 4
The Accused

Rob
    $1600 23
(Alex: A minute to go now.)

Bacchus

Amanda
    $1600 29
(Courtney: Who is Michel David?)
....
[The end-of-round signal sounds.]

Marcel Duchamp

Courtney
Triple Stumper
    $2,000 17
(Amanda: What is Brandenburg?)

Vienna ("The Waltzes of Vienna")

Amanda
    $1600 25
zygote

Amanda
    $2000 13
John Millington Synge

Triple Stumper
    $2000 5
Jackie Coogan

Triple Stumper
    $2000 24
Ceres

Amanda
    $2000 18
John Cage

Rob
    $2000 26
(Amanda: Who is Zeffirelli?)
(Rob: Who is Zanuck?)

Adolph Zukor

AmandaRob
Triple Stumper

Scores at the end of the Double Jeopardy! Round:

Amanda Courtney Rob
$9,200 $2,000 $7,000

[wagering suggestions for these scores]

Final Jeopardy! Round responses

SCIENCE
(Alex: Rob, sorry, we cannot accept that; the particle we are going after is a particle of light.)
CourtneyWhat is an Electron
$1,500
RobWhat is light?
$7,000
AmandaWhat is a neutrino?
$4,801
photon

Final scores:

Amanda Courtney Rob
$4,399 $500 $0
2-day champion: $22,400 2nd place: $2,000 3rd place: $1,000

Game dynamics:

Coryat scores:

Amanda Courtney Rob
$13,000 $2,000 $7,400
19 R,
5 W
(including 2 DDs)
8 R,
2 W
16 R
(including 1 DD),
5 W

Combined Coryat: $22,400

[game clues] [game scores] [suggest correction]

Game tape date: 2002-12-03
The J! Archive is created by fans, for fans. Scraping, republication, monetization, and malicious use prohibited; this site may use cookies and collect identifying information. See terms. The Jeopardy! game show and all elements thereof, including but not limited to copyright and trademark thereto, are the property of Jeopardy Productions, Inc. and are protected under law. This website is not affiliated with, sponsored by, or operated by Jeopardy Productions, Inc. Join the discussion at JBoard.tv.